000 00527nam a2200181Ia 4500
003 GCL
008 140319s9999 xx 000 0 ara d
040 _aGCL /
_cGCL
082 0 4 _a915.3
_bس ف
100 1 _aسارة حسن منيمنة
245 1 0 _aفى جغرافية الوطن العربى /
_cسارة حسن منيمنة
300 _a432 ص
490 _a
650 0 4 _aالجغرافيا الطبيعية
650 0 4 _aالوطن العربى
650 0 4 _aالجغرافيا السياسية
942 _2ddc
_cBK
999 _c45508
_d45508